• 首页
  • 本馆介绍
  • 公告通知
  • 最新文献
  • 馆藏检索
  • 电子资源
  • 读者导购
  • 参考咨询
  • 我的图书馆
  • 登录
  • 详细信息显示
  • 放入我的书架
  • 预约/预借图书
  • 作者相关作品
  • 分类相关作品
  • 丛书相关作品
  • 出版社相关作品

书目信息

  • 表格格式
  • 工作单格式
  • 卡片格式
题名:
计划生育问答
    
 
作者: ;福建省卫生防疫站宣教科、福建省卫生研究所妇幼科 编写
分册:  
出版信息: 福州   福建人民出版社  1964
页数: 44页
开本: 20cm
丛书名:
单 册:
中图分类: R169.1
科图分类:
主题词: 计划生育 , 计划生育--卫生
电子资源:
ISBN:
000 00855nam0 2200229 450
001 0736053745
005 20070925100232.04
010    @dCNY0.10
091    @a14104.58
100    @a20070925d1964 km y0chiy0120 ea
101 0  @achi
102    @aCN@b350000
102    @aCN@b350000
200 1  @a计划生育问答@Aji hua sheng yu wen da@f福建省卫生防疫站宣教科、福建省卫生研究所妇幼科编写@Ffu jian sheng wei sheng fang yi zhan xuan jiao ke、fu jian sheng wei sheng yan jiu suo fu you ke bian xie
210    @a福州@c福建人民出版社@d1964
215    @a44页@d20cm
606 0  @a计划生育
606 0  @a计划生育@x卫生
690    @aR169.1@v3
711 02 @a福建省卫生防疫站宣教科、福建省卫生研究所妇幼科@Afu jian sheng wei sheng fang yi zhan xuan jiao ke、fu jian sheng wei sheng yan jiu suo fu you ke@4编写
801  0 @aCN@bPFT@c20070925
905    @a10447@dR169.1@e173
    
    计划生育问答/福建省卫生防疫站宣教科、福建省卫生研究所妇幼科编写.-福州:福建人民出版社,1964
    44页;20cm
    
    
    ISBN :CNY0.10
    
●
相关链接 在E读中查询图书 在五车中查询图书 在当当中查询图书 在豆瓣中查询图书


正题名:计划生育问答     索取号:R169.1/173         预约/预借

序号 登录号 条形码 馆藏地/架位号 状态 备注
1 0609728   206097285   第二样本阅览室/ [索取号:R169.1/173] 在馆    
唐山师范学院图书馆 欢迎您!
大连网信软件有限公司© 版权所有